000 00424nam a22001817a 4500
005 20200518155033.0
008 200518b xxu||||| |||| 00| 0 eng d
020 _a9789374734568
041 _aeng
082 _a615 KUM
100 _aKumar N
_95159
245 _aA Textbook of Pharmacognsoy
250 _a3rd
260 _aDelhi
_bAITBS PUBLISHERS
_c2019
300 _a407 VIII
650 _apHARMACY
_95558
942 _cBK
999 _c6299
_d6297